Curso de finanzas, derecho financiero y tributario./ (Registro nro. 7904)
[ vista simple ]
| 000 -LEADER | |
|---|---|
| fixed length control field | 02301nam a2200217Ia 4500 |
| 005 - FECHA Y HORA DE LA ÚLTIMA TRANSACCIÓN | |
| control field | 20250709084247.0 |
| 008 - FIXED-LENGTH DATA ELEMENTS--GENERAL INFORMATION | |
| fixed length control field | 230420s9999 xx 000 0 und d |
| 020 ## - INTERNATIONAL STANDARD BOOK NUMBER | |
| International Standard Book Number | 9505085826 |
| 040 ## - CATALOGING SOURCE | |
| Original cataloging agency | UPAN |
| Transcribing agency | Biblioteca San Vicente |
| Description conventions | RCAA2 |
| 041 ## - LANGUAGE CODE | |
| Language code of text/sound track or separate title | spa |
| 082 ## - DEWEY DECIMAL CLASSIFICATION NUMBER | |
| Classification number | 343.04 |
| Item number | V555c |
| año de publicación | 2002 |
| 100 ## - MAIN ENTRY--PERSONAL NAME | |
| Personal name | Belisario Villegas, Héctor |
| Relator code | aut. |
| 245 #0 - TITLE STATEMENT | |
| Title | Curso de finanzas, derecho financiero y tributario./ |
| Statement of responsibility, etc | Héctor Belisario Villegas |
| 250 ## - EDITION STATEMENT | |
| Edition statement | 8° ed. |
| 260 ## - PUBLICATION, DISTRIBUTION, ETC. (IMPRINT) | |
| Place of publication, distribution, etc | Argentina |
| Name of publisher, distributor, etc | Astrea |
| Date of publication, distribution, etc | 2002 |
| 300 ## - PHYSICAL DESCRIPTION | |
| Extent | 931 p. |
| Dimensions | 20 cm. |
| 505 ## - FORMATTED CONTENTS NOTE | |
| Formatted contents note | Titulo Primero: Ciencia de las finanzas y actividad financiera.<br/>Capitulo I. Introducción.<br/>Capitulo II. Gastos públicos.<br/>Capitulo III. Recursos del estado.<br/><br/>Titulo Segundo: Derecho financiero.<br/>Capitulo IV. Noción y elementos.<br/>Capitulo V. Crédito público.<br/>Capitulo VI. El presupuesto.<br/><br/>Titulo Tercero: Derecho tributario (Parte general).<br/>Capitulo VII. Nociones preliminares.<br/>Capitulo VIII. Caracterización jurídica del derecho tributario.<br/>Capitulo IX. Derecho constitucional tributario.<br/>Capitulo X. Derecho tributario y régimen federal.<br/>Capitulo XI. Derecho tributario material.<br/>Capitulo XII. Derecho tributario formal.<br/>Capitulo XIII. Derecho procesal tributario.<br/>Capitulo XIV. Derecho penal tributario.<br/>Capitulo XV. Derecho internacional tributario.<br/>Capitulo XVI. Derecho tributario de la integración económica (Derecho fiscal comunitario).<br/><br/>Titulo Cuarto: Derecho tributario (Parte especial).<br/>Capitulo XVII. Sistemas tributarios.<br/>Capitulo XVIII. Impuesto a las ganancias.<br/>Capitulo XIX. Impuesto a los premios de sorteos y concursos deportivos.<br/>Capitulo XX. Impuesto sobre los bienes personales y a la transferencia de inmuebles.<br/>Capitulo XXI. Impuesto a la ganancia mínima presunta. Impuestos a los intereses.<br/>Capitulo XXII. Impuesto al valor agregado.<br/>Capitulo XXIII. Monotributo. Régimen simplificado para pequeños contribuyentes.<br/>Capitulo XXIV. Impuestos internos.<br/>Capitulo XXV. Impuestos aduaneros.<br/>Capitulo XXVI. Impuesto a las transacciones financieras.<br/>Capitulo XXVII. Impuesto de justicia. Tasas judiciales en el orden nacional.<br/>Capitulo XXVIII. Impuestos provinciales.<br/>Capitulo XXIX. Tributos municipales. |
| 650 ## - SUBJECT ADDED ENTRY--TOPICAL TERM | |
| Source of heading or term | LEMB |
| General subdivision | Derecho financiero |
| 700 ## - ADDED ENTRY--PERSONAL NAME | |
| Personal name | Fessia, Miriam Estela |
| Relator code | col. |
| 942 ## - ADDED ENTRY ELEMENTS (KOHA) | |
| Koha item type | Libros |
| Source of classification or shelving scheme | Dewey Decimal Classification |
| Withdrawn status | Lost status | Source of classification or shelving scheme | Damaged status | Not for loan | Collection code | Home library | Current library | Date acquired | Total Checkouts | Full call number | Barcode | Date last seen | Copy number | Price effective from | Koha item type |
|---|---|---|---|---|---|---|---|---|---|---|---|---|---|---|---|
| Dewey Decimal Classification | Colección General | Biblioteca UPAN San Vicente | Biblioteca UPAN San Vicente | 20/04/2023 | 343.04 V555c | 12000653 | 20/04/2023 | 01 | 20/04/2023 | Libros |